000 00563nam a22001577a 4500
005 20251108165222.0
008 250721s1992 xx 000 0 ara d
082 1 4 _a914.704/رحل
245 1 0 _aرحلة الشيخ الطنطاوي إلى البلاد الروسيه :
_b1840- 1850 المسماه بتحفة الأذكياء بأخبار بلاد الروسيا /
264 1 _aعمان :
_bمؤسسة الرساله،
_c1992.
300 _a264ص.
650 1 7 _aجغرافيا
650 1 7 _aروسيا الإتحادية
942 _2ddc
_cBK
999 _c22420
_d22420